000
00301nam a22001337a 4500
008
170531b xxu||||| |||| 00| 0 eng d
020
_a
9780205841066
041
_a
eng
080
_2
14
_a
94(7/8)
100
_a
17
101
_a
SHH
245
_a
THE AMERICAN NATIONS
_c
CARNES.M.C
942
_2
udc
_c
BK
999
_c
15124
_d
15124